Alle Mannschaften der deutschen Profiligen 24/25 - Statistiken

Allgemein
  • Dieses Quiz wurde 491 mal gespielt
  • Das Durchschnittsergebnis liegt bei 47 aus 56
Antwortstatistiken
Mannschaft % Korrekt
Borussia Dortmund
99%
FC Bayern München
98%
Bayer 04 Leverkusen
97%
Eintracht Frankfurt
97%
RB Leipzig
97%
1. FC Union Berlin
96%
FC St. Pauli
96%
Hamburger SV
96%
VfB Stuttgart
96%
1. FC Köln
95%
1. FSV Mainz 05
95%
VfL Bochum
95%
VfL Wolfsburg
95%
FC Augsburg
94%
SV Werder Bremen
94%
Borussia Mönchengladbach
93%
FC Schalke 04
93%
Hertha BSC
93%
SC Freiburg
93%
TSG 1899 Hoffenheim
93%
1. FC Heidenheim
92%
SV Holstein Kiel
92%
Dynamo Dresden
91%
1. FC Nürnberg
89%
Hannover 96
89%
1. FC Kaiserslautern
88%
Fortuna Düsseldorf
86%
Alemannia Aachen
85%
Eintracht Braunschweig
85%
FC Hansa Rostock
85%
SV Elversberg
85%
SpVgg Greuther Fürth
84%
SSV Ulm 1846 Fußball
84%
Karlsruher SC
83%
SSV Jahn Regensburg
83%
1. FC Magdeburg
82%
1.FC Saabrücken
82%
Arminia Bielefeld
82%
SC Preußen Münster
81%
SV Darmstadt 98
81%
SC Paderborn
79%
TSV 1860 München
79%
FC Energie Cottbus
76%
Rot-Weiß Essen
74%
VfL Osnabrück
74%
SV Waldhof Mannheim
73%
Borussia Dortmund II
72%
FC Ingolstadt 04
71%
SV Wehen Wiesbaden
71%
FC Erzgebirge Aue
68%
VfB Stuttgart II
64%
SV Sandhausen
59%
SC Verl
58%
FC Viktoria Köln
57%
SpVgg Unterhaching
54%
Hannover 96 II
53%
Keine übereinstimmenden Quizze gefunden
Verteilung der Resultate
Anzahl Personen mit jedem Resultat
Perzentil nach korrekt beantworteten Fragen
Ihre Resultats-Entwicklung
Sie haben dieses Quiz noch nicht gespielt